Quiz sul Mozambico - Statistics

Statistiche generali
  • Questo quiz è stato fatto 570 volte
  • Il punteggio medio è 13 su 22
Statistiche sulle risposte
Hint Risposta % Corretto
Sudafrica
95%
Tanzania
91%
Zimbabwe
91%
Zambia
90%
Grande isola situata a 200 Km ad est dalla costa mozambicana Madagascar
89%
Malawi
81%
Paesi confinanti Eswatini
80%
Capitale Maputo
78%
Fucile d'assalto presente sulla bandiera del Mozambico AK-47
75%
Lingua ufficiale Portoghese
72%
Insieme al Ruanda, il Mozambico è l'unico paese che appartiene a questa organizzazione internazionale senza mai essere stata una colonia britannica Commonwealth
67%
Ideologia alla quale il Mozambico ha aderito dal 1975 al 1990 Comunismo
66%
Esploratore che ha costeggiato il Mozambico nel 1498, mentre si recava in India Vasco da Gama
60%
Calciatore della nazionale portoghese nato in Mozambico, stella del Benfica negli anni '60 e '70 Eusebio
57%
Z{ambesi}
54%
Riserve importanti scoperte nel 21 ° secolo renderebbe il Mozambico il quarto paese con più ___ nel mondo, dietro Russia, Iran e Qatar Gas Naturale
53%
Fiumi più lunghi del paese L{impopo}
32%
Principale prodotto esportato (un metallo) Alluminio
29%
Seconda città del paese Beira
18%
Tipico tubero africano e principale coltivazione del Mozambico Manioca
17%
Piccolo arcipelago e riserva naturale al centro del paese Isole B{azaruto}
14%
Partito unico del paese durante questo periodo FRELIMO
12%
Nessun quiz corrispondente trovato
Distribuzione punteggi
Percentuale di utenti per punteggio
Percentile per numero di risposta
I tuoi punteggi nel tempo
Non hai fatto questo quiz